music trivia: 2005 songs and artists - Statistics

General Stats
  • This quiz has been taken 131 times
    114 since last reset
  • The average score is 7 of 15
Answer Stats
Hint Answer % Correct
Hollaback Girl Gwen Stefani
91%
Wake Me Up When September Ends Green Day
83%
She Will Be Loved Maroon 5
83%
Because of You Kelly Clarkson
70%
Bad Day Daniel Powter
66%
Beverly Hills Weezer
48%
Jesus Take the Wheel Carrie Underwood
44%
My Boo Usher & Alicia Keys
44%
Speed of Sound Coldplay
29%
La Tortura Shakira feat. Alejandro Sanz
28%
Black Horse and the Cherry Tree KT Tunstall
26%
Daughters John Mayer
21%
These Words Natasha Bedingfield
20%
Here It Goes Again Ok Go
18%
Lazy Sunday The Lonely Island feat. Andy Samberg and Chris Parnell
9%
No matching quizzes found
Score Distribution
Percent of People with Each Score
Percentile by Number Answered
Your Score History
You have not taken this quiz since the last reset